000 00653nam a22002657a 4500
003 UA-OsUOA
001 30729
007 ta
008 20041115b un ||||| |||| 00| 0 ukr d
100 _aПетренко П. Т.
090 _a821.161.1
_bП30
942 _cBK
040 _aUA-OsUOA
_brus
_cUA-OsUOA
_dUA-OsUOA
245 _aЗа отчий дом
300 _a255 с.
_bІлюстрації
955 _a0
041 _arus
080 _a821.161.1
020 _a5-319-00208-4
260 _aКиев
_bПолитиздат Украины
_c1989
044 _aUA
250 _n2-е изд., доп.
650 7 _2UDC
999 _c317143
_d317143